Top 5 biggest cities in Texas - Statistics

General Stats
  • This quiz has been taken 22 times
  • The average score is 4 of 5
Answer Stats
Hint Answer % Correct
4 Dallas
100%
2 Austin
95%
1 Houston
95%
3 Fort Worth
81%
5 El Paso
57%
No matching quizzes found
Score Distribution
Percent of People with Each Score
Percentile by Number Answered
Your Score History
You have not taken this quiz